[Čínska ekonomika - nová dimenzia globalizácie svetového hospodárstva]

Recenzia na vedeckú monografiu, ktorá je zameraná na skúmanie tých ekonomických fundamentálnych a vnútorných väzieb , ktoré boli rozhodujúcimi akcelerátormi hospodárskeho rastu Číny.

Na minha lista:
Detalhes bibliográficos
Autor principal: Verček, Peter
Formato: Capítulo de Livro
Idioma:eslovaco
Assuntos:
Tags: Adicionar Tag
Sem tags, seja o primeiro a adicionar uma tag!

MARC

LEADER 00000naa a2200000 4500
001 0174036
005 20240502072951.9
041 0 |a slo 
044 |a SK 
245 1 0 |a [Čínska ekonomika - nová dimenzia globalizácie svetového hospodárstva]  |c Peter Verček 
520 |a Recenzia na vedeckú monografiu, ktorá je zameraná na skúmanie tých ekonomických fundamentálnych a vnútorných väzieb , ktoré boli rozhodujúcimi akcelerátormi hospodárskeho rastu Číny. 
610 2 0 |a recenzie 
610 2 0 |a Čína 
610 2 0 |a rast hospodársky 
610 2 0 |a hospodárstvo svetové 
100 1 |a Verček, Peter